Loading...
| Fine Arts - Classical Music | 0 | 6 | 0 | 0 | 60 | 66 | 97.17 | 0 | 2 |
| Fine Arts - Other Fine Arts | 0 | 5 | 1 | 0 | 45 | 74 | 96.80 | 1 | 4 |
| Mythology | 0 | 4 | 0 | 0 | 40 | 78 | 104.50 | 0 | 1 |
| Literature - World/Other Literature | 0 | 3 | 0 | 0 | 30 | 91 | 110.00 | 0 | 1 |
| Literature - European Literature | 0 | 3 | 1 | 0 | 25 | 97 | 116.67 | 0 | 2 |
| Literature - American Literature | 0 | 2 | 0 | 0 | 20 | 103 | 106.00 | 0 | 0 |
| Fine Arts - Visual Fine Arts | 0 | 2 | 0 | 0 | 20 | 101 | 120.00 | 0 | 0 |
| Literature - British Literature | 0 | 2 | 0 | 0 | 20 | 108 | 110.00 | 0 | 0 |
| Religion | 0 | 2 | 0 | 1 | 20 | 127 | 130.00 | 0 | 0 |
| Science - Physics | 0 | 1 | 0 | 1 | 10 | 126 | 126.00 | 0 | 0 |
| Science - Other Science | 0 | 1 | 0 | 1 | 10 | 118 | 118.00 | 0 | 1 |
| Science - Chemistry | 0 | 1 | 0 | 0 | 10 | 118 | 118.00 | 0 | 0 |
| History - Other History | 0 | 1 | 0 | 0 | 10 | 85 | 85.00 | 0 | 0 |
| Philosophy | 0 | 1 | 0 | 0 | 10 | 127 | 127.00 | 0 | 0 |
| Other Academic | 0 | 1 | 1 | 0 | 5 | 65 | 65.00 | 0 | 1 |
| Geography/Current Events | 0 | 1 | 1 | 0 | 5 | 132 | 132.00 | 0 | 0 |
| History - World History | 0 | 0 | 1 | 0 | -5 | 0.00 | 0 | 0 | |
| Social Science | 0 | 0 | 1 | 0 | -5 | 0.00 | 0 | 0 |